Sports Quiz

Random Sports or Olympics Quiz

Olympic Cauldron Lighters Quiz Stats

 Plays Quiz Updated Feb 13, 2020

Support Sporcle.
Go Orange.
Score 0/18 Timer 04:00
1 Play Today
% Correct
Moscow 1980
79.8%
Beijing 2008
79.2%
Tokyo 1964
78.4%
Athens 2004
73.9%
Atlanta 1996
73.1%
Helsinki 1952
72.3%
Seoul 1988
67.5%
Rome 1960
61.5%
Munich 1972
60.7%
% Correct
Berlin 1936
59.5%
Sydney 2000
57.4%
London 2012
56.5%
Montreal 1976
54.6%
Barcelona 1992
49.9%
Los Angeles 1984
47.6%
Mexico City 1968
47.2%
London 1948
40.9%
Melbourne 1956
33%

From the Vault

1970s Song Title Beginnings

by ghcgh

Music 5m
We apologize if you have ABBA songs stuck in your head at the end of this.
Remove Ads.
Support Sporcle.
Get the best of Sporcle when you Go Orange. This ad-free experience offers more features, more stats, and more fun while also helping to support Sporcle. Thank you for becoming a member.

Show Comments

Extras

Top Quizzes Today


Score Distribution

Your Account Isn't Verified!

In order to create a playlist on Sporcle, you need to verify the email address you used during registration. Go to your Sporcle Settings to finish the process.

Report this User

Report this user for behavior that violates our Community Guidelines.

Details: